000 00670nam a2200289Ia 4500
005 20260324130724.0
008 008 260324s9999 xx 000 0 eng d
020 _a9781315247250
037 _aEBOOK
040 _aCRL
040 _beng
040 _cCRL
041 _2eng
041 _aeng
084 _qCRL
100 _aTimothy Ashworth
_91182860
245 0 _aPaul's Necessary Sin
245 4 _bThe Experience of Liberation
260 _bTaylor and Francis
260 _c2007
365 _a
365 _b240
856 _uhttp://www.taylorfrancis.com/books/9781315247250
942 _cEBOOK
999 _c1779267
_d1779267